Tesis sobre la historia y otros fragmentos /
Compilación de los últimos escritos inconclusos del filósofo alemán, Walter Benjamin, en los cuales reflexiona acerca de la necesidad de construir una plataforma teórica para sustentar una historia crítica de la sociedad moderna.
Guardat en:
| Autor principal: | |
|---|---|
| Altres autors: | |
| Format: | Llibre |
| Idioma: | espanyol |
| Publicat: |
México :
Contrahistorias. La Otra Mirada de Clío,
2005, c2005
|
| Matèries: | |
| Etiquetes: |
Sense etiquetes, Sigues el primer a etiquetar aquest registre!
|
MARC
| LEADER | 00000nam^a2200000^a^4500 | ||
|---|---|---|---|
| 001 | 000181088 | ||
| 005 | 20250521000000.0 | ||
| 009 | 20260310101919.347 | ||
| 020 | |a 970-94353-0-2 | ||
| 037 | |a Acervo ITESO - Biblioteca | ||
| 041 | |a ESP | ||
| 082 | |a 146. 33 |b BEN OBR PAR | ||
| 100 | |a Benjamin, Walter |e (autor) | ||
| 245 | 1 | 0 | |a Tesis sobre la historia y otros fragmentos / |c W. Benjamin ; ed. y tr. por B. Echeverría. |
| 264 | 4 | |a México : |b Contrahistorias. La Otra Mirada de Clío, |c 2005, c2005 | |
| 300 | |a 67 p. | ||
| 336 | |a texto |b txt |2 rdacontenido | ||
| 337 | |a sin mediación |b n |2 rdamedio | ||
| 338 | |a volumen |b nc |2 rdasoporte | ||
| 520 | |a Compilación de los últimos escritos inconclusos del filósofo alemán, Walter Benjamin, en los cuales reflexiona acerca de la necesidad de construir una plataforma teórica para sustentar una historia crítica de la sociedad moderna. | ||
| 649 | |a XX | ||
| 650 | |a Historia - |x Teoría - |x Tema Principal | ||
| 650 | |a Modernidad y Posmodernidad | ||
| 650 | |a Escuela de Frankfurt | ||
| 650 | |a Marxismo | ||
| 650 | |a Filosofía del Siglo XX | ||
| 650 | |a Filosofía Alemana | ||
| 700 | |a Echeverría, Bolívar |e (edición y traducción) | ||
| 910 | |a Fondo General | ||
| 920 | |a Impresos - Libros | ||
| 930 | |a Colección General | ||
| 905 | |a 101 | ||
| 901 | |a 0500121001 |b IT1 |c ACC |u 20250521 | ||
| 902 | |a https://opac.biblio.iteso.mx/vufind/Record/000181088 | ||